Kto ma więcej subskrypcji Polski youtube (10 maj, 2019) - Statystyki

Ogólne statystyki
  • Ten quiz został rozwiązany 1 111 razy
  • Średni wynik to 8 z 15
Statystyki odpowiedzi
Zagadnienie Odpowiedź % Poprawnych
Mandzio vs SKKF Mandzio
77%
MiniMajk vs Mixer Minimajk
67%
Abstra vs SA Wardęga SA Wardęga
66%
PLKD vs Lachu Lachu
65%
MagdalenaMariaMonika vs Zuzanna Borucka Zuzanna Borucka
55%
Multi vs Karolek Multi
54%
WipBros vs Waksy Waksy
52%
Izak vs Isamu Isamu
50%
Z Dvpy vs BOXDEL Z Dvpy
43%
Vertez vs Sitr0x Vertez
42%
Dominik Łupicki vs Dawid Frank Dawid Frank
41%
Bladii vs Jcob Bladii
40%
Doknes vs Dealereq Doknes
37%
Dezy vs Marcin Dubiel Dezy
35%
Kolega Ignacy vs Plaga Plaga
30%
Nie znaleziono quizów pasujących do podanych kryteriów
Rozkład punktacji
Procent ludzi z każdym wynikiem
Percentyl według liczby udzielonych odpowiedzi
Twoja historia wyników
Nie rozwiązałeś tego quizu